Statistics for Scrambled Country names

Click here to take the quiz!

General Stats

  • This quiz has been taken 71 times
    (54 since last reset)
  • The average score is 12 of 15

Answer Stats

HintAnswer% Correct
bucaCuba
95%
idinaIndia
95%
SUAUSA
95%
onamcoMonaco
91%
rainIran
86%
naguyaGuyana
79%
pansiSpain
79%
asdnuSudan
79%
ganotTonga
79%
suriasRussia
74%
uraunNauru
67%
arcticanatAntarctica
63%
gonabGabon
63%
yonwarNorway
60%
cnleadlIceland
51%

Score Distribution

Percentile by Number Answered

Percent of People with Each Score

Your Score History

You have not taken this quiz since the last reset